Záródolgozat

Bibliográfiai részletek
Szerző: Salamon Nóra
További közreműködők: Surányi Dr. András
Dokumentumtípus: Záródolgozat
Kulcsszavak:Riporteri, szerkesztői munkakör
Forgatás
Kommunikációk fajtái
Online Access:http://dolgozattar.uni-bge.hu/5099

MARC

LEADER 00000nta a2200000 i 4500
001 dolg5099
005 20160429141517.0
008 160429suuuu hu o 000 hun d
040 |a BGE Dolgozattár Repozitórium  |b hun 
041 |a hu 
100 1 |a Salamon Nóra 
245 1 0 |a Záródolgozat  |c Salamon Nóra  |h [elektronikus dokumentum] 
246 1 1 |a Záródolgozat 
516 |a Final_paper 
695 |a Riporteri, szerkesztői munkakör 
695 |a Forgatás 
695 |a Kommunikációk fajtái 
700 1 |a Surányi Dr. András  |e ths 
856 4 0 |u http://dolgozattar.uni-bge.hu/5099/1/Za%CC%81ro%CC%81dolgozat.pdf  |z Dokumentum-elérés